Oxford Handbook of Midwifery 3e. (Record no. 47769)
[ view plain ]
| 000 -LEADER | |
|---|---|
| fixed length control field | 03313cam a2200541Mu 4500 |
| 001 - CONTROL NUMBER | |
| control field | ocn972289754 |
| 003 - CONTROL NUMBER IDENTIFIER | |
| control field | OCoLC |
| 005 - DATE AND TIME OF LATEST TRANSACTION | |
| control field | 20231130105821.0 |
| 006 - FIXED-LENGTH DATA ELEMENTS--ADDITIONAL MATERIAL CHARACTERISTICS | |
| fixed length control field | m o d |
| 007 - PHYSICAL DESCRIPTION FIXED FIELD--GENERAL INFORMATION | |
| fixed length control field | cr |n|---||||| |
| 008 - FIXED-LENGTH DATA ELEMENTS--GENERAL INFORMATION | |
| fixed length control field | 170211s2016 enk o 000 0 eng d |
| 020 ## - INTERNATIONAL STANDARD BOOK NUMBER | |
| International Standard Book Number | 9780191070792 |
| 020 ## - INTERNATIONAL STANDARD BOOK NUMBER | |
| International Standard Book Number | 0191070793 |
| 035 ## - SYSTEM CONTROL NUMBER | |
| System control number | (OCoLC)972289754 |
| 040 ## - CATALOGING SOURCE | |
| Original cataloging agency | EBLCP |
| Language of cataloging | eng |
| Description conventions | pn |
| Transcribing agency | EBLCP |
| Modifying agency | OCLCO |
| -- | OCLCQ |
| -- | S2H |
| -- | OCLCO |
| -- | OCLCF |
| -- | OCLCO |
| -- | OCLCQ |
| -- | OCLCO |
| 050 #4 - LIBRARY OF CONGRESS CALL NUMBER | |
| Classification number | RG950 |
| 082 04 - DEWEY DECIMAL CLASSIFICATION NUMBER | |
| Classification number | 618.2 |
| Edition number | 23 |
| 100 1# - MAIN ENTRY--PERSONAL NAME | |
| Personal name | Medforth, Janet. |
| 9 (RLIN) | 33862 |
| 245 10 - TITLE STATEMENT | |
| Title | Oxford Handbook of Midwifery 3e. |
| 250 ## - EDITION STATEMENT | |
| Edition statement | 3rd ed. |
| 260 ## - PUBLICATION, DISTRIBUTION, ETC. | |
| Place of publication, distribution, etc. | Oxford : |
| Name of publisher, distributor, etc. | OUP Oxford, |
| Date of publication, distribution, etc. | 2016. |
| 300 ## - PHYSICAL DESCRIPTION | |
| Extent | 1 online resource (870 pages) |
| 336 ## - CONTENT TYPE | |
| Content type term | text |
| Content type code | txt |
| Source | rdacontent |
| 337 ## - MEDIA TYPE | |
| Media type term | computer |
| Media type code | c |
| Source | rdamedia |
| 338 ## - CARRIER TYPE | |
| Carrier type term | online resource |
| Carrier type code | cr |
| Source | rdacarrier |
| 490 1# - SERIES STATEMENT | |
| Series statement | Oxford Handbooks in Nursing |
| 505 0# - FORMATTED CONTENTS NOTE | |
| Formatted contents note | Cover; Oxford Handbook of Midwifery; Copyright; Contents; Symbols and abbreviations; Part 1 Introduction; 1 Introduction; 2 Preconception care; 3 Sexual health; 4 Antenatal care; 5 Health advice in pregnancy; 6 Minor disorders of pregnancy; 7 Helping women cope with pregnancy: complementary therapies; 8 The need for social support; 9 Infections and sepsis; 10 Medical conditions during pregnancy; 11 Obesity; 12 Pregnancy complications; 13 Hypertensive disorders of pregnancy; Part 2 Normal labour; 14 Normal labour: first stage; 15 Pain relief in labour: non-​pharmacological |
| 505 8# - FORMATTED CONTENTS NOTE | |
| Formatted contents note | 16 Pain relief in labour: pharmacological 17 Normal labour: second stage; 18 Normal labour: third stage; 19 Immediate care of the newborn; Part 3 Complicated labour; 20 Management of malpositions and malpresentations; 21 High-​risk labour; 22 Maternal emergencies during pregnancy, labour, and postnatally; 23 Fetal emergencies during pregnancy, labour, and postnatally; Part 4 Postnatal care; 24 Postnatal care; 25 Disorders of the postnatal period; Part 5 Contraception; 26 Contraception; Part 6 Care of the newborn; 27 Care of the newborn; Part 7 Feeding; 28 Breastfeeding |
| 505 8# - FORMATTED CONTENTS NOTE | |
| Formatted contents note | 29 Artificial feedingIndex; Index of emergencies. |
| 520 ## - SUMMARY, ETC. | |
| Summary, etc. | This unique and bestselling handbook provides midwives with everything they need for successful practice. It contains concise, practical and expert guidance on all aspects of the midwife's role, from pre-conceptual advice to the final post-natal examination of the mother and baby. |
| 588 0# - SOURCE OF DESCRIPTION NOTE | |
| Source of description note | Print version record. |
| 650 #0 - SUBJECT ADDED ENTRY--TOPICAL TERM | |
| Topical term or geographic name entry element | Midwifery |
| Form subdivision | Handbooks, manuals, etc. |
| 9 (RLIN) | 33863 |
| 650 #2 - SUBJECT ADDED ENTRY--TOPICAL TERM | |
| Topical term or geographic name entry element | Midwifery |
| Form subdivision | methods |
| -- | Handbooks. |
| 9 (RLIN) | 33864 |
| 650 #2 - SUBJECT ADDED ENTRY--TOPICAL TERM | |
| Topical term or geographic name entry element | Infant Care |
| Form subdivision | methods |
| -- | Handbooks. |
| 9 (RLIN) | 33865 |
| 650 #2 - SUBJECT ADDED ENTRY--TOPICAL TERM | |
| Topical term or geographic name entry element | Pregnancy |
| Form subdivision | Handbooks. |
| 9 (RLIN) | 33866 |
| 650 #6 - SUBJECT ADDED ENTRY--TOPICAL TERM | |
| Topical term or geographic name entry element | Sages-femmes |
| Form subdivision | Guides, manuels, etc. |
| 9 (RLIN) | 33867 |
| 650 #7 - SUBJECT ADDED ENTRY--TOPICAL TERM | |
| Topical term or geographic name entry element | Midwifery |
| Source of heading or term | fast |
| 9 (RLIN) | 1532 |
| 655 #7 - INDEX TERM--GENRE/FORM | |
| Genre/form data or focus term | Handbooks and manuals |
| Source of term | fast |
| 9 (RLIN) | 35 |
| 700 1# - ADDED ENTRY--PERSONAL NAME | |
| Personal name | Ball, Linda. |
| 9 (RLIN) | 33868 |
| 700 1# - ADDED ENTRY--PERSONAL NAME | |
| Personal name | Walker, Angela. |
| 9 (RLIN) | 33869 |
| 700 1# - ADDED ENTRY--PERSONAL NAME | |
| Personal name | Battersby, Sue. |
| 9 (RLIN) | 33870 |
| 700 1# - ADDED ENTRY--PERSONAL NAME | |
| Personal name | Stables, Sarah. |
| 9 (RLIN) | 33871 |
| 776 08 - ADDITIONAL PHYSICAL FORM ENTRY | |
| Relationship information | Print version: |
| Main entry heading | Medforth, Janet. |
| Title | Oxford Handbook of Midwifery 3e. |
| Place, publisher, and date of publication | Oxford : OUP Oxford, �2016 |
| 830 #0 - SERIES ADDED ENTRY--UNIFORM TITLE | |
| Uniform title | Oxford handbooks in nursing. |
| 9 (RLIN) | 33872 |
| 856 40 - ELECTRONIC LOCATION AND ACCESS | |
| Uniform Resource Identifier | <a href="https://koha.ucc.edu.gh/cgi-bin/koha/opac-retrieve-file.pl?id=cd3449fb67d2415b460df7af20035d75">https://koha.ucc.edu.gh/cgi-bin/koha/opac-retrieve-file.pl?id=cd3449fb67d2415b460df7af20035d75</a> |
| 942 ## - ADDED ENTRY ELEMENTS (KOHA) | |
| Source of classification or shelving scheme | Library of Congress Classification |
| Koha item type | Books |
| 948 ## - LOCAL PROCESSING INFORMATION (OCLC); SERIES PART DESIGNATOR (RLIN) | |
| h (OCLC) | NO HOLDINGS IN GHUCC - 123 OTHER HOLDINGS |
No items available.